000 00572nam a2200169Ia 4500
999 _c2661
_d2661
003 DO-SdBJH
005 20180416175111.0
008 180414s9999 dr 000 0 spa d
040 _aDO-SdBJH
_bspa
_cDO-SdBJH
090 _aDM O-10 1994
110 _aEscuela de las Américas
245 1 0 _aAnexo E: Técnicas de la ciencia de administración / Escuela de las Américas
260 _aFuerte Benning, Georgia : Cuartel General Secretaría del Ejército, 1994
300 _a93 páginas en varias paginaciones
650 4 _aLiderazgo -- Administración
942 _2ddc
_cBK